| 000 | 00420nam a2200157Ia 4500 | ||
|---|---|---|---|
| 008 | 230917s9999||||xx |||||||||||||| ||und|| | ||
| 020 | _cRS0.3 | ||
| 040 |
_e12741 _aMAIN |
||
| 041 | _aEnglish | ||
| 082 | _a330.9 I1H | ||
| 100 | _aIschboldin, Boris | ||
| 245 | 0 | _aHistory of the Russian Non-Marxian social-economic thought | |
| 260 |
_aNew Delhi _bNew Book society of India _c1971 |
||
| 300 | _a328 p. | ||
| 942 | _cBK | ||
| 999 |
_c105112 _d105112 |
||